Meistgesprochene Sprache in jedem Land - Statistiken

Allgemein
  • Dieses Quiz wurde 81 mal gespielt
    64 seit der letzten Aktualisierung
  • Das Durchschnittsergebnis liegt bei 83 aus 196
Antwortstatistiken
Land Sprache % Korrekt
Albanien Albanisch
90%
Ägypten Arabisch
83%
Australien Englisch
83%
Algerien Arabisch
81%
Argentinien Spanisch
79%
Bahamas Englisch
75%
Armenien Armenisch
71%
Belarus Russisch
71%
Bahrain Arabisch
69%
Barbados Englisch
67%
Deutschland Deutsch
65%
Frankreich Französisch
65%
Bosnien und Herzegowina Bosnisch
63%
Dänemark Dänisch
63%
Luxemburg Deutsch
63%
Antigua und Barbuda Englisch
63%
Irland Englisch
63%
Kanada Englisch
63%
Italien Italienisch
63%
Vereinigte Arabische Emirate Arabisch
62%
Aserbaidschan Aserbaidschanisch
62%
Vereinigtes Königreich Englisch
62%
Finnland Finnisch
62%
Griechenland Griechisch
62%
Japan Japanisch
62%
Brasilien Portugiesisch
62%
Ecuador Spanisch
62%
Bulgarien Bulgarisch
60%
Österreich Deutsch
60%
Neuseeland Englisch
60%
Vereinigte Staaten Englisch
60%
Island Isländisch
60%
Vatikanstadt Italienisch
60%
Nordkorea Koreanisch
60%
Belgien Niederländisch
60%
Niederlande Niederländisch
60%
Polen Polnisch
60%
Portugal Portugiesisch
60%
Kasachstan Russisch
60%
Bolivien Spanisch
60%
Chile Spanisch
60%
Costa Rica Spanisch
60%
El Salvador Spanisch
60%
Kuba Spanisch
60%
Mexiko Spanisch
60%
Türkei Türkisch
60%
Ukraine Ukrainisch
60%
Saudi-Arabien Arabisch
58%
Liechtenstein Deutsch
58%
Schweiz Deutsch
58%
Jamaika Englisch
58%
Monaco Französisch
58%
Südkorea Koreanisch
58%
Kroatien Kroatisch
58%
Lettland Lettisch
58%
Litauen Litauisch
58%
Norwegen Norwegisch
58%
Rumänien Rumänisch
58%
Russland Russisch
58%
Guatemala Spanisch
58%
Kolumbien Spanisch
58%
Peru Spanisch
58%
Venezuela Spanisch
58%
Ungarn Ungarisch
58%
Irak Arabisch
56%
Jemen Arabisch
56%
Jordanien Arabisch
56%
Libanon Arabisch
56%
Syrien Arabisch
56%
Elfenbeinküste Französisch
56%
Indien Hindi
56%
San Marino Italienisch
56%
China Mandarin
56%
Schweden Schwedisch
56%
Dominikanische Republik Spanisch
56%
Honduras Spanisch
56%
Spanien Spanisch
56%
Tschechien Tschechisch
56%
Katar Arabisch
54%
Kuwait Arabisch
54%
Grenada Englisch
54%
Georgien Georgisch
54%
Israel Hebräisch
54%
Mongolei Mongolisch
54%
Serbien Serbisch
54%
Slowakei Slowakisch
54%
Slowenien Slowenisch
54%
Uruguay Spanisch
54%
Thailand Thai
54%
Libyen Arabisch
52%
Dominica Englisch
52%
Nicaragua Spanisch
52%
Panama Spanisch
52%
Vietnam Vietnamesisch
52%
Marokko Arabisch
50%
Oman Arabisch
50%
Fidschi Englisch
50%
St. Vincent und die Grenadinen Englisch
50%
Estland Estnisch
50%
Demokratische Republik Kongo Französisch
50%
Gabun Französisch
50%
Guinea Französisch
50%
Angola Portugiesisch
50%
Äquatorial-Guinea Spanisch
50%
Belize Spanisch
50%
St. Kitts und Nevis Englisch
48%
St. Lucia Englisch
48%
Trinidad und Tobago Englisch
48%
Indonesien Indonesisch
48%
Andorra Katalanisch
48%
Kosovo Albanisch
46%
Sudan Arabisch
46%
Tunesien Arabisch
46%
Kirgisistan Kirgisisch
46%
Taiwan Mandarin
46%
Usbekistan Usbekisch
46%
Liberia Englisch
44%
Tuvalu Englisch
44%
Republik Kongo Französisch
44%
Zypern Griechisch
44%
Südsudan Arabisch
42%
Ghana Englisch
42%
Palau Englisch
42%
Kamerun Französisch
42%
Turkmenistan Turkmenisch
42%
Malta Maltesisch
40%
Togo Französisch
38%
Zentralafrikanische Republik Französisch
38%
Moldawien Russisch
38%
Montenegro Serbisch
38%
Tadschikistan Tadschikisch
38%
Bangladesch Bengalisch
37%
São Tomé und Príncipe Portugiesisch
37%
Mauretanien Arabisch
35%
Tschad Arabisch
35%
Suriname Niederländisch
35%
Kap Verde Portugiesisch
35%
Kambodscha Khmer
33%
Laos Laotisch
33%
Singapur Mandarin
33%
Guinea-Bissau Portugiesisch
33%
Eritrea Arabisch
29%
Sambia Englisch
29%
Malaysia Malaiisch
29%
Mosambik Portugiesisch
27%
Pakistan Urdu
27%
Philippinen Filipino
25%
Somalia Somali
25%
Samoa Samoanisch
23%
Afghanistan Dari
21%
Kiribati Kiribatisch
21%
Brunei Malaiisch
21%
Tonga Tonga
21%
Nordmazedonien Albanisch
19%
Myanmar Birmanisch
19%
Kenia Suaheli
19%
Tansania Suaheli
19%
Iran Farsi
17%
Haiti Kreolisch
17%
Nauru Nauruisch
17%
Nepal Nepali
17%
Osttimor Portugiesisch
17%
Komoren Komorisch
15%
Madagaskar Malagasy
13%
Uganda Suaheli
13%
Bhutan Dzongkha
12%
Äthiopien Oromo
12%
Burundi Kirundi
10%
Malediven Maledivisch
10%
Dschibuti Somali
10%
Eswatini Swazi
10%
Paraguay Guarani
8%
Mauritius Kreolisch
8%
Seychellen Kreolisch
8%
Vanuatu Bislama
6%
Malawi Chichewa
6%
Marshallinseln Marshallesisch
6%
Sri Lanka Singhalesisch
6%
Benin Hausa
4%
Nigeria Hausa
4%
Ruanda Kinyarwanda
4%
Guyana Kreolisch
4%
Burkina Faso Moore
4%
Botswana Setswana
4%
Simbabwe Shona
4%
Niger Hausa
2%
Papua-Neuguinea Kreolisch
2%
Salomonen Pijin
2%
Senegal Wolof
2%
Mali Bambara
0%
Lesotho isiZulu
0%
Südafrika isiZulu
0%
Sierra Leone Krio
0%
Gambia Mandinka
0%
Namibia Ovambo
0%
Föderierte Staaten von Mikronesien Yapesisch
0%
Keine übereinstimmenden Quizze gefunden
Verteilung der Resultate
Anzahl Personen mit jedem Resultat
Perzentil nach korrekt beantworteten Fragen
Ihre Resultats-Entwicklung
Sie haben dieses Quiz seit der letzten Aktualisierung nicht gespielt